02419nam a22003497a 4500003000900000008004100009040007100050082002500121110005500146245014900201260002800350300004500378440005000423505109200473650002401565650002401589650002301613650002701636650002401663650002301687700002401710700003001734700002601764700003101790700003401821700003601855700003501891700002801926700003201954700002801986710005502014AR-CdUCM190425b ||||| |||| 00| 0 spa d aMUNICIPALIDAD PROVINCIAL DEL CUSCOcBIBLIOTECA MUNICIPAL DEL CUSCO aRev.Anto/N°105/2000 aUniversidad Nacional de San Antonio Abad del Cusco aEl Antoniano :bPublicación científico cultural de la Universidad Nacional de San Antonio Abad del Cusco /cHugo Bonet Rodríguez, director aCusco :bUNSAAC,c2000. a40 páginas. :bilustraciones ;c43 cm. aEl Antononiano.nAño 10, N°105,enero 2000. aContenido: La casa cusqueña. -- Y donde estan la modernidad y posmodernidad. -- Identidad cultural y patrimonio histórico en el nuevo milenio. -- La participación de la televisión en las practicas lúdicas de los niños cusqueños. -- Retos y vigencia de la descentralización en el Perú actual. -- La hacienda vista por un pongo huancavelicano. -- Reflexiones sobre la historia en el Cusco del siglo XX. -- Calles y relaciones socioeconómicas en el centro urbano del Cusco. -- El origen de la deuda externa y la imposibilidad práctica de su pago. -- Perú al margen de la condonación de la deuda. -- La estadística una herramienta esencial para toda investigación. -- Declaraciones de Mario Góngora Santa Cruz. -- La ciencia andina a través del Quechua. -- Planta lechera de San Jerónimo y desarrollo pecuario. -- Rurismo y desarrollo regional rol del comunicador. -- Juventud universidad y sociedad. -- Tratamiento de aguas servidas de pequeños poblados en la subcuenca del río Huatanay. -- La ´poesía escrita de Raúl Brozovich. -- Poesía.  aFolklore cusqueño aPoesía cusqueña aIdentidad cultural aPatrimonio histórico aDescentralización aHistoria del Cusco aFlores Ochoa, Jorge aSamanez Argumedo, Roberto aConcha Flores, Gladys aUgarte Vega Centeno, David aEscalante Gutiérrez, Carmen aValderrama Fernández, Ricardo aAguilar Callo, Víctor Raúl aGonzales Ríos, José aValenzuela Lovón, Armando aPantoja Palomino, Mario aUniversidad Nacional de San Antonio Abad del Cusco